000
00300 a2200145 4500
001
181606
020
_a
040
_c
Magnum
100
_a
Braga, Rubem Et. Al
240
1
0
_a
O menino e o tuim
_l
por
245
1
0
_a
O menino e o tuim
362
0
_a
1899
697
_a
MAGNITO: IJ/GERAL
942
_c
BK
999
_c
181606
_d
181606